Statistics for Match flags to their countries. - English

Click here to take the quiz!

General Stats

  • This quiz has been taken 220 times
  • The average score is 24 of 29

Answer Stats

Answer% Correct
Japan
94%
Germany
92%
Greece
92%
Italy
92%
United Kingdom
92%
Ireland
91%
Kenya
91%
Spain
91%
Jamaica
89%
Israel
88%
Saudi-Arabia
88%
Ukraine
87%
Albania
86%
Colombia
86%
Finland
86%
Georgia
86%
Lebanon
86%
Netherlands
86%
Vietnam
85%
Bangladesh
84%
Iceland
84%
North Korea
84%
Sri Lanka
83%
Thailand
82%
Malaysia
77%
Afghanistan
72%
Trinidad and Tobago
67%
Tanzania
60%
Libya
57%

Score Distribution

Percentile by Number Answered

Percent of People with Each Score

Your Score History

You have not taken this quiz